=LDR 00000nam 2200000 4500 =001 INLIS000000000032078 =005 20130612134115 =008 ***********************************ind** =035 ##$$0010-061300000032078 =041 ##$$a ind =082 ##$$a 500 =090 ##$$a 500, Ilm i =245 ##$$a Ilmu Pengetahuaqn Populer jld 6, Kehidupan Tumbuhan Kehidupan Hewan =260 ##$$a (20... ) $b jakarta =300 ##$$a 295 hlm., illus, 27 cm =650 ##$$a Sains =850 ##$$a NBPNMAT